000 00927nam0a22002531 4500
001 rc\2566205
005 20250623110632.0
035 _a(NLR Aleph) 006731019
090 _a5544071
_c5544071
100 _a20110914d1927 |||y0rusy50 ca
101 0 _arus
102 _aRU
105 _aa z |||a|
200 1 _aПисьмо
_eРассказ в стихах
_fМ. Вольпин
210 _aМосква
_cМосковский рабочий
_cМосполиграф
_d[1927]
_gТипо-цинк. "Мысль печатника"
215 _a36 с.
_cил.
_d17х13 см.
300 _aОбложка: Кукрыникс
700 1 _7ca
_8rus
_aВольпин
_bМ. Д.
_cдраматург, киносценарист
_f1902-1988
_gМихаил Давидович
_9206129
_3RU\NLR\AUTH\770206181
801 0 _aRU
_bNLR
_gpsbo
801 1 _aRU
_bELAR
_2rusmarc
852 _aNLR
_j92/175
942 _cBOOK
980 _aNB